01923nam a22003017a 4500003000400000005001700004008004100021020001800062040001400080041000800094043001200102082001800114100003600132245004500168250002300213264005100236300009000287336002700377337003300404338002800437490002300465520092800488521004101416650001901457650003601476650005601512650005301568OSt20260210164029.0260210b ||||| |||| 00| 0 spa d a9786287729353 cCO-Mq BPB0 aspa as-ck---04a305.898bH69o10aHoyos, Juan José,d1953-eaut13aEl oro y la sangre /cJuan José Hoyos. aEdición especial 1aBogotá, Colombia :bSílaba Editores,c2024 a222 páginas :bilustraciones, fotografías en blanco y negro, tapa rustica;c24 cm atextobtxt2rdacontent asin mediaciónbn2rdamedia avolumenbnc2rdacarrier0 aSílabas de Tinta aEl Oro y la Sangre es un microcosmos del país. Un indígena emberá halla una mina de oro y sobre su comunidad se precipita una legión de aventureros, comerciantes, estafadores y guerrilleros. Después de los primeros muertos la ambición por el oro desemboca en una guerra en la que los contendientes y las víctimas los ponen los indígenas. Entonces interviene todo el mundo: la Iglesia, el gobierno, la policía, el ejército, la comisión de paz, la de asuntos indígena, la de derechos humanos... Mientras tanto el rosario de muertes se sigue desgranando. Enloquecidos por la súbita bonanza, los indígenas descubren un día el avión y se dedican a volar días enteros, o a comprar prostitutas por docenas y a mandarse a teñir el pelo del color del oro. En el tránsito final, un comando guerrillero logra imponer un ilusorio período de calmauhttps://silaba.com.co/libro/el-oro-y-la-sangre/1 aRecomendado para un público adulto17aCronicas2lemb17aEmberasxViolencia contra2lemb17aMinas de oroxAspectos económicoszColombia2lemb17aIndígenas de ColombiaxUsos y costumbres2lemb